Experiencias jurídicas y teoría del derecho.
Gardado en:
| Autor Principal: | |
|---|---|
| Formato: | Libro |
| Idioma: | Lingua castelá |
| Publicado: |
Barcelona, España:
Ariel,
1973.
|
| Series: | Ariel Quincenal, 89
|
| Subjects: | |
| Tags: |
Engadir etiqueta
Sen Etiquetas, Sexa o primeiro en etiquetar este rexistro!
|
MARC
| LEADER | 00000nam a2200000 a 4500 | ||
|---|---|---|---|
| 001 | UCS9439 | ||
| 003 | CL-VaPUC | ||
| 005 | 20211217105050.0 | ||
| 008 | 971113e19730000SP |||||||||||||||||spa|d | ||
| 999 | |c 263240 |d 263238 | ||
| 020 | |a 84-344-0734-5 | ||
| 040 | |c Pontificia Universidad Católica de Valparaíso | ||
| 082 | 0 | 4 | |a 340.1 DIE 1973 |2 21 |
| 100 | |a Díez Picazo y Ponce de León, Luis |e autor |9 430724 | ||
| 245 | 1 | 0 | |a Experiencias jurídicas y teoría del derecho. |
| 260 | |a Barcelona, España: |b Ariel, |c 1973. | ||
| 300 | |a 327 páginas. | ||
| 490 | 0 | |a Ariel Quincenal, 89 | |
| 500 | |a c.3 Donación Familia Prof. Alejandro Guzmán Brito. | ||
| 583 | |a last modification |c 19971113 00:00:00 |k Rodrigo Vera | ||
| 650 | 0 | |a Teoría del derecho |9 255982 | |
| 942 | |c BK |2 ddc | ||
| 945 | |d 19971113 00:00:00 |a aolguin | ||
| 952 | |0 0 |1 0 |4 0 |6 340_100000000000000_DIE_1973 |7 0 |8 DER_TF |9 292426 |a BIBDER |b BIBDER |d 2019-11-19 |i 189725K |o 340.1 DIE 1973 |p 189725K |r 2023-01-25 |w 2019-11-19 |x Ubicación 4to Piso |y BK |z Estos recursos deben solicitarse con anticipación |k DER | ||
| 952 | |0 0 |1 0 |4 0 |6 340_100000000000000_DIE_1973 |7 0 |8 A |9 292427 |a BIBDER |b BIBDER |d 2019-11-19 |i 3975312 |o 340.1 DIE 1973 |p 3975312 |r 2023-01-25 |w 2019-11-19 |y BK |k DER | ||